000 01383cam a22003857a 4500
003 CHAP
005 20220329141832.0
008 971127d1997 mx r 00110 spa d
010 _a74565
011 _a75537
035 _a85101
040 _cCHAP
090 _aTesis
100 0 0 _aFigueroa Ruiz, Magdalena.
_940837
245 1 0 _aContenido nutrimental en hojas e inflorescencias de tres cultivares de aguacate (Persea americana Mill.)
_c/por Magdalena Figueroa Ruiz
260 _aChapingo, Méx. :
_bEl autor,
_c1997.
300 _a78 h. :
_bcuadros
502 _aTesis (Ing. Agr. Esp. en Fitotecnia) -- UACH. Departamento de Fitotecnia
590 _aALEPH
_b10
_c20130110
_lUCH01
_h1420
590 _aBATCH-UPD
_b10
_c20130109
_lUCH01
_h2353
590 _aBATCH-UPD
_b10
_c20130110
_lUCH01
_h0825
590 _aBATCH-UPD
_b10
_c20130410
_lUCH01
_h0503
590 _aBATCH-UPD
_b10
_c20130913
_lUCH01
_h2254
590 _aCONVERSION
_b10
_c20130109
_lUCH01
_h1341
650 1 4 _aAguacate
_xElementos minerales.
_92508
650 1 4 _aAguacate
_xInflorescencia.
_92526
650 2 4 _aAguacate
_xMéxico (Edo.)
_92538
650 2 4 _aAguacate
_xVariedades.
_92559
901 _aBK
905 _aLilia Sánchez G.
911 _aCultivos
_aLilia Sánchez G.
942 _cFOLL
949 _bBC
_cTES
_d33724000629416
_eTS2
_fc.2
_h31928
_i85101
_sb
949 _bBC
_cTES
_d851011
_eTS1
_h31927
_i85101
_sb
999 _c74565
_d74565